000
00294nam a22001337a 4500
020
_a
9789383028092
082
_a
664.07
_b
VER/FO
100
_a
Verma R.K.
_9
1216
245
_a
'Food Management
250
_a
1
260
_a
New Delhi
_b
Advance Learner Press
_c
2013
300
_a
231
942
_c
BK
999
_c
14692
_d
14692